000 00363cam a2200145ua 4500
041 _aeng
_h
082 _a822
_bCAM/PO
100 _aCamus, Albert .
245 _aPossessed : A play in three parts /
_cAlbert Camus.
_hTextual Documents
260 _aLondon :
_bHamish Hamilton ,
_c1960.
300 _a159 ; .
504 _a
942 _cBK
999 _c5894
_d5894